| 000 -ლიდერი |
| ფიქსირებული სიგრძის საკონტროლო ველი |
01291nam a22002417a 4500 |
| 003 - საკონტროლო ნომრის იდენტიფიკატორი |
| საკონტროლო ველი |
Ge_BSU |
| 005 - ბოლო ოპერაციის თარიღი და დრო |
| საკონტროლო ველი |
20250508121606.0 |
| 008 - ფიქსირებული სიგრძის მონაცემთა ელემენტები - ზოგადი ინფორმაცია |
| ფიქსირებული სიგრძის საკონტროლო ველი |
250508s2000 ge ||||| |||| 00| 0 geo d |
| 020 ## - წიგნის საერთაშორისო სტანდარტული ნომერი |
| International Standard Book Number |
9992881143 |
| 041 ## - ენის კოდი |
| Language code of text/sound track or separate title |
geo |
| 080 ## - უნივერსალური ათობითი კლასიფიკაციის ინდექსი |
| Universal Decimal Classification number |
303.101.541(479.22) ს-32 |
| 245 ## - ცნობა სათაურის შესახებ |
| Title |
შრომები : |
| Remainder of title |
1. საქართველოს ეკონომიკურ მეცნიერებათა აკადემია / |
| Statement of responsibility, etc |
რედაქტორი ლეო ჩიქავა, როზეტა ასათიანი, ნუგზარ სანთელაძე, გიორგი შუბლაძე. |
| 264 ## - წარმოების, გამოცემის, დისტრიბუციის და სხვა ცნობები |
| გამოცემის, წარმოების, დისტრიბუციის... ადგილი |
თბილისი : |
| გამოცემის, წარმოების, დისტრიბუციის... სახელწოდება |
სიახლე, |
| გამოცემის, წარმოების, დისტრიბუციის... თარიღი |
2000. |
| 300 ## - ფიზიკური აღწერა |
| Extent |
322 გვ.; |
| Other physical details |
20 სმ. |
| 520 ## - SUMMARY, ETC. |
| Summary, etc |
რეზიუმე თავების ბოლოს |
| 653 ## - INDEX TERM--UNCONTROLLED |
| Uncontrolled term |
შრომები |
| 653 ## - INDEX TERM--UNCONTROLLED |
| Uncontrolled term |
ეკონომიკა |
| 700 ## - ADDED ENTRY--PERSONAL NAME |
| Personal name |
ჩიქავა, ლეო |
| Relator term |
რედაქტორი |
| 9 (RLIN) |
25022 |
| 700 ## - ADDED ENTRY--PERSONAL NAME |
| Personal name |
ასათიანი, როზეტა |
| Relator term |
რედაქტორი |
| 9 (RLIN) |
25023 |
| 700 ## - ADDED ENTRY--PERSONAL NAME |
| Personal name |
სანთელაძე, ნუგზარ |
| Relator term |
რედაქტორი |
| 9 (RLIN) |
25019 |
| 700 ## - ADDED ENTRY--PERSONAL NAME |
| Personal name |
შუბლაძე, გიორგი |
| Relator term |
რედაქტორი |
| 9 (RLIN) |
572 |
| 942 ## - ADDED ENTRY ELEMENTS (KOHA) |
| Source of classification or shelving scheme |
|
| Koha item type |
წიგნი |